Chulo - Bad Gyal - Estadísticas

Estadísticas generales
  • Esta prueba ha sido intentada 25 veces
  • La puntuación promedio es 186 de 252
Estadísticas de respuestas
Letra Respuesta % Correcto
e'
100%
en
100%
La
100%
la
100%
Y
100%
y
100%
cama
95%
cara
95%
chulo
95%
Chulo
95%
(chulo)
95%
da
95%
duro
95%
(duro)
95%
Duro
95%
que
95%
Que
95%
se
95%
te
95%
Tiene
95%
tiene
95%
Yo
95%
yo
95%
a
91%
lo
91%
Pa
86%
pa
86%
tu
86%
un
86%
el
82%
El
82%
eres
82%
es
82%
muy
82%
fuma
77%
le
77%
papi
77%
Bad
73%
de
73%
Gyal
73%
las
73%
los
73%
brilló
68%
cadena
68%
Como
68%
como
68%
Huele
68%
loco
68%
me
68%
no
68%
oscuro
68%
ve
68%
fumándose
64%
mover
64%
puro
64%
caté
59%
mira
59%
pero
59%
pies
59%
cost
55%
flow
55%
Jordan
55%
low
55%
moverlo
55%
puse
55%
ah
50%
artista
50%
Baccarat
50%
deseo
45%
doy
45%
pasa
45%
su
45%
esto
41%
fe
41%
nota
41%
(sí)
41%
tapada
41%
blunt
36%
dice
36%
eso
36%
está
36%
expensive
36%
fina
36%
fotos
36%
soy
36%
ya
36%
cachondo
32%
del
32%
mujer
32%
pone
32%
posar
32%
quiere
32%
saoco
32%
ser
32%
short
32%
subió
32%
tengo
32%
Todo
32%
bichote
27%
cualidades
27%
después
27%
intimar
27%
lleva
27%
más
27%
toas
27%
Intro Ay
23%
ay
23%
four
23%
imaginándome
23%
Mmmh
23%
mmmh
23%
porque
23%
vale
23%
ahora
18%
involucro
18%
(ajá)
9%
No se encontraron pruebas coincidentes
Distribución de puntuación
Porcentaje de gente con cada puntuación
Porcentaje por número respondido
Historial de tus puntuaciones
No has intentado esta prueba.